Estadísticas para Logotipos de la Marca #6

Haz click aquí para intentar la prueba.

Estadísticas generales

  • Esta prueba ha sido intentada 455 veces
  • La puntuación promedio es 10 de 20

Estadísticas de respuestas

marca% Correcto
Coca-Cola
98%
Lays
96%
Doritos
95%
Dove
93%
Nickelodeon
84%
Subway
83%
Marvel Comics
73%
Harley-Davidson
63%
Nerf
59%
IBM
57%
Lipton
56%
Blockbuster
51%
Mountain Dew
40%
Chick-fil-A
19%
CBS
13%
AOL
9%
Hoover
6%
Big Boy
5%
Starter
5%
Tivo
5%

Distribución de puntuación

Porcentaje por número respondido

Porcentaje de gente con cada puntuación

Historial de tus puntuaciones

No has intentado esta prueba.